[Event "2nd GMA World Cup prel  #1"]
[Site "Belgrade YUG"]
[Date "1988.??.??"]
[Round "?"]
[White "Ernst, Thomas"]
[Black "Vujicic, Mirko"]
[Result "0-1"]
[WhiteElo "2450"]
[BlackElo "2310"]
[EventDate "1988.12.??"]
[PlyCount "130"]

1.e4 c5 2.Nf3 Nc6 3.d4 cxd4 4.Nxd4 g6 5.c4 Bg7 6.Be3 Nf6 7.Nc3 Ng4 8.Qxg4 
Nxd4 9.Qd1 Ne6 10.Rc1 Qa5 11.Qd2 b6 12.Bd3 Bb7 13.O-O g5 14.Rfd1 d6 15.Bb1
h5 16.Nd5 Qxd2 17.Rxd2 Be5 18.b4 f6 19.a4 Kf7 20.Ra2 Nd4 21.Bxd4 Bxd4 22.
Nc7 Rac8 23.Nb5 Be5 24.Nxa7 Ra8 25.Nb5 Rhc8 26.Bd3 e6 27.Rcc2 Bc6 28.a5 
bxa5 29.bxa5 Bb7 30.h3 h4 31.Kf1 Ba6 32.Ke2 Rc5 33.Ke3 Bf4+ 34.Kf3 Be5 35.
Ra3 Rac8 36.Re2 d5 37.exd5 exd5 38.Rxe5 fxe5 39.Nd6+ Ke6 40.cxd5+ Kxd6 41.
Bxa6 Ra8 42.Bd3 Rcxa5 43.Rxa5 Rxa5 44.Kg4 Rxd5 45.Be4 Rd2 46.Kxg5 Rxf2 47.
Bf3 Ke6 48.Kxh4 e4 49.Kg3 e3 50.h4 Kf6 51.Bg4 Ke5 52.Bf3 Kf5 53.Bc6 Ke5 
54.Bf3 Kd4 55.h5 Ke5 56.h6 Rf1 57.Be2 Rf6 58.h7 Rh6 59.Kf3 Kd4 60.g4 Rxh7 
61.g5 Rh2 62.Ba6 Rf2+ 63.Kg3 Ke4 64.Bc8 Rf1 65.Ba6 Rg1+ 0-1

[Event "2nd GMA World Cup prel  #1"]
[Site "Belgrade YUG"]
[Date "1988.??.??"]
[Round "?"]
[White "Fedorov, Vladislav"]
[Black "Grimberg, Gilbert"]
[Result "1-0"]
[WhiteElo "2400"]
[BlackElo "2320"]
[EventDate "1988.12.??"]
[PlyCount "59"]

1.e4 e5 2.Nf3 Nf6 3.Nxe5 d6 4.Nf3 Nxe4 5.Nc3 Nxc3 6.dxc3 Be7 7.Bf4 c6 8.
Qd2 O-O 9.O-O-O Qa5 10.Kb1 Be6 11.a3 Na6 12.Nd4 Nc5 13.c4 Qb6 14.Qb4 Qd8 
15.g3 a5 16.Qe1 Bd7 17.Bg2 Re8 18.Qd2 Qb6 19.Rhe1 Na4 20.b3 Bf6 21.Re3 d5 
22.Ka2 c5 23.Ne2 Rxe3 24.Bxe3 Bg4 25.f3 d4 26.fxg4 dxe3 27.Qxe3 Kf8 28.g5 
Re8 29.Be4 Bd4 30.Qf3 1-0

[Event "2nd GMA World Cup prel  #1"]
[Site "Belgrade YUG"]
[Date "1988.??.??"]
[Round "?"]
[White "Fedorov, Vladislav"]
[Black "Jovic, Aleksandar"]
[Result "1-0"]
[WhiteElo "2400"]
[BlackElo "2290"]
[EventDate "1988.12.??"]
[PlyCount "149"]

1.e4 e6 2.d4 d5 3.Nd2 c5 4.Ngf3 Nf6 5.exd5 exd5 6.Bb5+ Bd7 7.Bxd7+ Nbxd7 
8.dxc5 Nxc5 9.O-O Be7 10.Nb3 Nfe4 11.Re1 O-O 12.Nxc5 Bxc5 13.Be3 Qd6 14.
Qd3 Rfd8 15.Rad1 Rac8 16.Bxc5 Nxc5 17.Qe3 Ne6 18.c3 Qc5 19.Nd4 Re8 20.Nf5 
g6 21.Nh6+ Kg7 22.Ng4 Qxe3 23.Nxe3 Nc7 24.Re2 Re6 25.Kf1 Ra6 26.a3 Rd8 27.
Rd4 Rad6 28.Red2 Kf6 29.f4 h5 30.a4 Ke6 31.Kf2 f5 32.Kf3 Ne8 33.Re2 Kf7 
34.Red2 Ke6 35.Nc2 Nf6 36.Rb4 Ne4 37.Nd4+ Kf6 38.Rd1 R6d7 39.Rb5 Rc8 40.
Rd3 Nc5 41.Rd2 Ne4 42.Rd1 Rc4 43.a5 Rc5 44.Rxc5 Nxc5 45.Re1 Ne4 46.Ra1 Re7
47.a6 b6 48.Nb5 Nd2+ 49.Kf2 Nb3 50.Rd1 Nc5 51.Rxd5 Nxa6 52.Rd6+ Kf7 53.b4 
Nb8 54.Rd8 Nd7 55.Nd6+ Kg7 56.Nc8 Rf7 57.Nxa7 Nf6 58.Nb5 Re7 59.h3 h4 60.
Rd1 Re4 61.Kf3 Nh5 62.Rd7+ Kh6 63.Rd4 Re1 64.Nd6 Ng3 65.Nf7+ Kg7 66.Ng5 
Rf1+ 67.Ke3 Re1+ 68.Kd2 Re2+ 69.Kd3 Rxg2 70.Rd7+ Kh8 71.Rb7 Nh5 72.Ne6 
Rg3+ 73.Kd4 Rxh3 74.Rb8+ Kh7 75.Ng5+ 1-0

[Event "2nd GMA World Cup prel  #1"]
[Site "Belgrade YUG"]
[Date "1988.??.??"]
[Round "?"]
[White "Fedorov, Vladislav"]
[Black "Sandic, Vladeta"]
[Result "0-1"]
[WhiteElo "2400"]
[BlackElo "2290"]
[EventDate "1988.12.??"]
[PlyCount "84"]

1.e4 d5 2.exd5 Nf6 3.Nc3 Nxd5 4.Bc4 e6 5.Nf3 Be7 6.O-O O-O 7.Re1 Nxc3 8.
bxc3 Nd7 9.d4 b6 10.a4 a6 11.Qe2 Bb7 12.Bd3 c5 13.Bf4 Qc8 14.Ng5 Nf6 15.
Be5 Qc6 16.f3 g6 17.Qf2 Nd5 18.Ne4 f6 19.Bg3 c4 20.Bf1 f5 21.Nd2 f4 22.
Nxc4 fxg3 23.Qxg3 Bf6 24.Bd3 Nxc3 25.Ne5 Qd6 26.Qg4 Rad8 27.Kh1 Bg7 28.
Nxg6 hxg6 29.Qxg6 Rf6 30.Qh7+ Kf8 31.Bg6 Qxd4 32.Qh5 Qc5 33.Qg4 Rd4 34.
Rxe6 Rxe6 35.Qxe6 Qe7 36.Qxb6 Rd6 37.Qf2 Rxg6 38.Re1 Re6 39.Rxe6 Qxe6 40.
h3 Qe5 41.Qh4 Ne2 42.Qb4+ Ke8 0-1

[Event "2nd GMA World Cup prel  #1"]
[Site "Belgrade YUG"]
[Date "1988.??.??"]
[Round "?"]
[White "Fedorov, Vladislav"]
[Black "Vasiljevic, Dragan"]
[Result "1-0"]
[WhiteElo "2400"]
[BlackElo "2325"]
[EventDate "1988.12.??"]
[PlyCount "69"]

1.e4 e6 2.d4 d5 3.Nd2 Nf6 4.e5 Nfd7 5.Bd3 c5 6.c3 Nc6 7.Ne2 cxd4 8.cxd4 f6
9.exf6 Nxf6 10.O-O Bd6 11.Nf3 O-O 12.Bf4 Bxf4 13.Nxf4 Qd6 14.g3 Ne4 15.Re1
Rxf4 16.gxf4 Qxf4 17.Bxe4 dxe4 18.Ne5 Nxe5 19.dxe5 Bd7 20.Qxd7 Qg4+ 21.Kf1
Qh3+ 22.Ke2 Qf3+ 23.Kd2 Qxf2+ 24.Re2 e3+ 25.Kd3 Qf5+ 26.Kc3 Qxe5+ 27.Kb3 
a5 28.a3 Qe4 29.Rc1 b5 30.Rc8+ Rxc8 31.Qxc8+ Kf7 32.Qd7+ Kf6 33.Qxb5 a4+ 
34.Ka2 e5 35.Re1 1-0

[Event "2nd GMA World Cup prel  #1"]
[Site "Belgrade YUG"]
[Date "1988.??.??"]
[Round "?"]
[White "Flear, Glenn Curtis"]
[Black "Ftacnik, Lubomir"]
[Result "0-1"]
[WhiteElo "2470"]
[BlackElo "2590"]
[EventDate "1988.12.??"]
[PlyCount "38"]

1.d4 Nf6 2.c4 g6 3.Nc3 d5 4.Nf3 Bg7 5.Qb3 dxc4 6.Qxc4 O-O 7.e4 Na6 8.Bg5 
c5 9.d5 h6 10.Bh4 b5 11.Nxb5 Qa5+ 12.Nd2 Rb8 13.O-O-O Ng4 14.Qb3 c4 15.
Bxc4 Bd7 16.a4 Rfc8 17.Kb1 Nc5 18.Qa3 Qxa4 19.b3 Bxb5 0-1

[Event "2nd GMA World Cup prel  #1"]
[Site "Belgrade YUG"]
[Date "1988.??.??"]
[Round "?"]
[White "Flear, Glenn Curtis"]
[Black "Groszpeter, Attila"]
[Result "1/2-1/2"]
[WhiteElo "2470"]
[BlackElo "2510"]
[EventDate "1988.12.??"]
[PlyCount "93"]

1.d4 Nf6 2.c4 g6 3.Nc3 d5 4.Nf3 Bg7 5.Qb3 dxc4 6.Qxc4 O-O 7.e4 Na6 8.Qb3 
c5 9.d5 e6 10.Bxa6 bxa6 11.O-O Qb6 12.Bf4 Bb7 13.Rfd1 exd5 14.exd5 Rfd8 
15.Qxb6 axb6 16.Bc7 Rd7 17.Bxb6 Nxd5 18.Bxc5 Rc8 19.Bd4 Nxc3 20.bxc3 Bxf3 
21.gxf3 Rcd8 22.Rab1 Bxd4 23.Rxd4 Rxd4 24.cxd4 Rxd4 25.Rb3 Ra4 26.a3 Kf8 
27.Kg2 Ke7 28.Rd3 Ke6 29.Kg3 Ra5 30.f4 Rd5 31.Rc3 Kd6 32.f3 Rf5 33.Rc4 Ra5
34.Rc3 h6 35.h3 Ra4 36.Rb3 Ke6 37.Re3+ Kf5 38.Rc3 Ra5 39.Re3 Kf6 40.Rc3 
Ke6 41.Rd3 Rd5 42.Rb3 Rb5 43.Rd3 Rb6 44.Rd4 Rd6 45.Ra4 Kf6 46.Ra5 Rc6 47.
Kg4 1/2-1/2

[Event "2nd GMA World Cup prel  #1"]
[Site "Belgrade YUG"]
[Date "1988.??.??"]
[Round "?"]
[White "Flear, Glenn Curtis"]
[Black "Lobron, Eric"]
[Result "0-1"]
[WhiteElo "2470"]
[BlackElo "2530"]
[EventDate "1988.12.??"]
[PlyCount "100"]

1.d4 e6 2.c4 f5 3.g3 Nf6 4.Bg2 c6 5.Nf3 d5 6.O-O Bd6 7.b3 Qe7 8.Bb2 O-O 9.
Nbd2 b6 10.Ne5 Bb7 11.Qc2 Na6 12.Rad1 Rac8 13.Qb1 Rc7 14.Rfe1 c5 15.dxc5 
Nxc5 16.cxd5 exd5 17.Ndf3 Ng4 18.Nxg4 fxg4 19.Nd4 Ne4 20.Bxe4 dxe4 21.Bc1 
e3 22.Bxe3 Be4 23.Qa1 Ba8 24.Bd2 Qf7 25.f3 Bc5 26.Rf1 Rd7 27.Be3 gxf3 28.
exf3 Rfd8 29.b4 Bxb4 30.Nc2 Qxf3 31.Rxf3 Rxd1+ 32.Qxd1 Rxd1+ 33.Rf1 Rxf1+ 
34.Kxf1 Be7 35.Ke2 Bd5 36.a3 Be4 37.Nb4 a5 38.Nd3 Bxd3+ 39.Kxd3 b5 40.Bc1 
Kf7 41.Bd2 a4 42.Bc1 Bf6 43.Bd2 Ke6 44.Ke4 Be5 45.Bc1 g6 46.Bd2 Bd6 47.Bc1
h5 48.Bb2 b4 49.axb4 Bxb4 50.h4 Bd6 0-1

[Event "2nd GMA World Cup prel  #1"]
[Site "Belgrade YUG"]
[Date "1988.??.??"]
[Round "?"]
[White "Flear, Glenn Curtis"]
[Black "Micic, Cedomir"]
[Result "1-0"]
[WhiteElo "2470"]
[BlackElo "2355"]
[EventDate "1988.12.??"]
[PlyCount "65"]

1.d4 f5 2.g3 Nf6 3.Bg2 g6 4.c3 Bg7 5.Qb3 Nc6 6.Nh3 e6 7.Nd2 O-O 8.Nf4 Kh8 
9.h4 e5 10.dxe5 Nxe5 11.Nf3 Neg4 12.h5 gxh5 13.Nd4 d5 14.Nde6 Bxe6 15.Nxe6
Qd6 16.Nxf8 Qc5 17.O-O Rxf8 18.Qxb7 Re8 19.Bf4 Rxe2 20.Qxc7 Qxc7 21.Bxc7 
Rxb2 22.Rab1 Rd2 23.Rb8+ Ng8 24.Bf4 Rd3 25.Rc1 h4 26.gxh4 h6 27.Rd8 Bf6 
28.Rxd5 Rxd5 29.Bxd5 Bxh4 30.f3 Bf2+ 31.Kg2 Be3 32.fxg4 Bxf4 33.Rf1 1-0

[Event "2nd GMA World Cup prel  #1"]
[Site "Belgrade YUG"]
[Date "1988.??.??"]
[Round "?"]
[White "Flear, Glenn Curtis"]
[Black "Van der Wiel, John"]
[Result "1/2-1/2"]
[WhiteElo "2470"]
[BlackElo "2540"]
[EventDate "1988.12.??"]
[PlyCount "81"]

1.d4 Nf6 2.c4 e6 3.Nf3 b6 4.Nc3 Bb4 5.Bg5 h6 6.Bh4 Bb7 7.Qc2 Be4 8.Qb3 Nc6
9.e3 a5 10.Nd2 a4 11.Nxa4 Bxd2+ 12.Kxd2 Na5 13.Qb4 Nc6 14.Qb3 Na5 15.Qb4 
Bc6 16.Nc3 Ne4+ 17.Nxe4 Qxh4 18.Ng3 f5 19.Ke1 f4 20.exf4 Qxf4 21.Rd1 Nb7 
22.Ne2 Qf7 23.Nc3 d6 24.Qb3 O-O 25.Qc2 d5 26.cxd5 Bxd5 27.f3 Nd6 28.Bd3 
Kh8 29.a3 Qf4 30.Qf2 Rae8 31.Rd2 Bc4 32.Bg6 Rd8 33.h4 Nf5 34.Bxf5 exf5 35.
Kd1 b5 36.Kc2 Qd6 37.b3 Bg8 38.Ra1 b4 39.axb4 Qxb4 40.d5 Rb8 41.Rb1 
1/2-1/2

[Event "2nd GMA World Cup prel  #1"]
[Site "Belgrade YUG"]
[Date "1988.??.??"]
[Round "?"]
[White "Franzen, Jozef"]
[Black "Ciric, Dragoljub"]
[Result "1/2-1/2"]
[WhiteElo "2320"]
[BlackElo "2395"]
[EventDate "1988.12.??"]
[PlyCount "37"]

1.e4 c6 2.d4 d5 3.exd5 cxd5 4.c4 Nf6 5.Nc3 e6 6.Nf3 Be7 7.cxd5 Nxd5 8.Bd3 
Nc6 9.O-O O-O 10.Re1 Qd6 11.Be4 Rd8 12.Nb5 Qd7 13.Bxd5 exd5 14.Bf4 Qg4 15.
Bc7 Rf8 16.Bd6 Bxd6 17.Nxd6 Qd7 18.Nb5 f6 19.Rc1 1/2-1/2

[Event "2nd GMA World Cup prel  #1"]
[Site "Belgrade YUG"]
[Date "1988.??.??"]
[Round "?"]
[White "Franzen, Jozef"]
[Black "Fedorov, Vladislav"]
[Result "1-0"]
[WhiteElo "2320"]
[BlackElo "2400"]
[EventDate "1988.12.??"]
[PlyCount "83"]

1.e4 e5 2.Nf3 Nc6 3.Bb5 Nf6 4.O-O Nxe4 5.d4 Be7 6.dxe5 O-O 7.Re1 d5 8.Bxc6
bxc6 9.Nd4 Qd7 10.f3 Ng5 11.Nc3 Ne6 12.Kh1 Bb4 13.a3 Bc5 14.Be3 Bxd4 15.
Bxd4 c5 16.Bf2 d4 17.Ne4 Qd5 18.Bg3 c4 19.Qd2 Rb8 20.Rab1 Kh8 21.Bh4 Qxe5 
22.Be7 c3 23.Qd1 Rg8 24.Nf6 Qf5 25.Nxg8 cxb2 26.Bb4 Kxg8 27.Qxd4 h6 28.
Qxa7 Rb5 29.Rxb2 Bb7 30.Qe3 Nf4 31.Bc3 Nxg2 32.Rxb5 Nxe3 33.Rxf5 Nxf5 34.
Kg2 g5 35.Kf2 Kh7 36.Be5 c5 37.Rb1 Bd5 38.Rb5 Nh4 39.Rxc5 Bxf3 40.Bg3 Bh1 
41.Bxh4 gxh4 42.a4 1-0

[Event "2nd GMA World Cup prel  #1"]
[Site "Belgrade YUG"]
[Date "1988.??.??"]
[Round "?"]
[White "Franzen, Jozef"]
[Black "Rasidovic, Sead"]
[Result "0-1"]
[WhiteElo "2320"]
[BlackElo "2370"]
[EventDate "1988.12.??"]
[PlyCount "100"]

1.e4 e6 2.d4 d5 3.Nd2 Nf6 4.e5 Nfd7 5.f4 c5 6.c3 Nc6 7.Ndf3 cxd4 8.cxd4 
Bb4+ 9.Bd2 Nb6 10.Bxb4 Nxb4 11.a3 Nc6 12.Bd3 Bd7 13.Ne2 h5 14.Nc3 Na5 15.
O-O g6 16.Rc1 Nac4 17.Qe2 Qe7 18.Ng5 Bc6 19.Rf3 a6 20.Rh3 O-O-O 21.b3 Nxa3
22.Bxa6 Kb8 23.Bd3 Rc8 24.Qb2 Be8 25.Ra1 Qb4 26.Ne2 Nb5 27.Bxb5 Bxb5 28.
Rd1 Rc7 29.Qd2 Qxd2 30.Rxd2 Rhc8 31.Re3 Rc2 32.Rxc2 Rxc2 33.Nc3 Be8 34.h3 
Nc8 35.Na4 Ne7 36.Rc3 Ra2 37.Nc5 Nf5 38.Nf3 h4 39.Nd3 Bb5 40.Nde1 Rb2 41.
Nd3 Rb1+ 42.Kh2 Rd1 43.Nf2 Rf1 44.Nd3 Ng3 45.Nxh4 Ne4 46.Rc1 Bxd3 47.Rxf1 
Bxf1 48.g4 Kc7 49.Nf3 Kd7 50.h4 Ke7 0-1

[Event "2nd GMA World Cup prel  #1"]
[Site "Belgrade YUG"]
[Date "1988.??.??"]
[Round "?"]
[White "Franzen, Jozef"]
[Black "Vanheste, Jeroen"]
[Result "1/2-1/2"]
[WhiteElo "2320"]
[BlackElo "2390"]
[EventDate "1988.12.??"]
[PlyCount "103"]

1.e4 c5 2.Nf3 e6 3.d4 cxd4 4.Nxd4 Nf6 5.Nc3 d6 6.g4 Be7 7.g5 Nfd7 8.Be3 
Nc6 9.h4 O-O 10.f4 d5 11.exd5 exd5 12.Qd2 Bb4 13.a3 Nxd4 14.Bxd4 Re8+ 15.
Be2 Bxc3 16.Bxc3 Nc5 17.Qd4 Ne6 18.Qe5 Qc7 19.O-O-O Qxe5 20.fxe5 Nf4 21.
Bf3 Bf5 22.Rhe1 Be6 23.Rd4 Ng6 24.Bxd5 Bxd5 25.Rxd5 Nf4 26.Rd7 b6 27.Kb1 
Red8 28.Red1 Ne6 29.R1d6 Rxd7 30.Rxd7 Nc5 31.Rc7 Ne6 32.Rc4 Kf8 33.a4 Ke8 
34.Kc1 Kd7 35.Kd2 Rc8 36.Re4 Rc5 37.Ke2 g6 38.Rg4 Kc6 39.Rb4 Kd5 40.Kd3 
Kc6 41.Rg4 Rd5+ 42.Ke2 Rc5 43.Ke3 a6 44.Kd3 Rd5+ 45.Ke2 Rc5 46.Ke3 Rd5 47.
Rg1 Ng7 48.Ke4 Rc5 49.Kd3 Rd5+ 50.Ke4 Rc5 51.Kd3 Rd5+ 52.Ke4 1/2-1/2

[Event "2nd GMA World Cup prel  #1"]
[Site "Belgrade YUG"]
[Date "1988.??.??"]
[Round "?"]
[White "Ftacnik, Lubomir"]
[Black "Krnic, Zdenko"]
[Result "1-0"]
[WhiteElo "2590"]
[BlackElo "2430"]
[EventDate "1988.12.??"]
[PlyCount "101"]

1.d4 Nf6 2.c4 g6 3.Nc3 d5 4.Bf4 Bg7 5.e3 c6 6.Nf3 O-O 7.Be2 Be6 8.Ng5 Bf5 
9.Qb3 h6 10.Nf3 Qb6 11.O-O Nbd7 12.cxd5 Qxb3 13.axb3 cxd5 14.Ra5 a6 15.b4 
g5 16.Bg3 e6 17.Rfa1 Nb6 18.h4 gxh4 19.Nxh4 Bc2 20.Nf3 Rfc8 21.Be5 Nc4 22.
Bxc4 Rxc4 23.b5 Rb4 24.bxa6 Rxa6 25.Rxa6 bxa6 26.Rxa6 Ng4 27.Ra8+ Kh7 28.
Rb8 Rxb8 29.Bxb8 Bf8 30.Ba7 Bb4 31.Na2 Bd6 32.Bc5 Bc7 33.Nc3 Bd3 34.b4 f6 
35.Ne1 Bc4 36.g3 Kg6 37.Nc2 h5 38.Na3 Bd3 39.Nab5 Bd8 40.Nd6 h4 41.gxh4 f5
42.b5 Bxh4 43.b6 Ba6 44.Ncb5 Bxf2+ 45.Kg2 Bh4 46.Nc7 Be2 47.Nxe6 Nxe3+ 48.
Kh3 Bg5 49.b7 f4 50.Nxg5 Kxg5 51.b8=Q 1-0

[Event "2nd GMA World Cup prel  #1"]
[Site "Belgrade YUG"]
[Date "1988.??.??"]
[Round "?"]
[White "Ftacnik, Lubomir"]
[Black "Vasiukov, Evgeny"]
[Result "1-0"]
[WhiteElo "2590"]
[BlackElo "2485"]
[EventDate "1988.12.??"]
[PlyCount "95"]

1.d4 f5 2.Nf3 Nf6 3.g3 g6 4.Bg2 Bg7 5.O-O O-O 6.b3 d6 7.Bb2 c6 8.Nbd2 Na6 
9.e3 Qe8 10.Ne1 g5 11.Nd3 Qg6 12.Qe2 Kh8 13.Rae1 Bd7 14.c4 Rae8 15.a4 Ne4 
16.f3 Nxd2 17.Qxd2 Bc8 18.f4 g4 19.b4 Qf7 20.b5 Nb8 21.Rc1 Be6 22.d5 cxd5 
23.c5 Nd7 24.cxd6 exd6 25.Rc7 Re7 26.Rxb7 Nc5 27.Bxg7+ Kxg7 28.Rxe7 Qxe7 
29.Nb4 Kg6 30.Nc6 Qe8 31.Re1 Nxa4 32.Bxd5 Bxd5 33.Qxd5 Nc3 34.Qxd6+ Kh5 
35.Qd4 Ne4 36.Ra1 Rf7 37.Rxa7 Qe6 38.Rxf7 Qxf7 39.Qb2 Qc4 40.Nd4 Qd3 41.
Qb3 Qxb3 42.Nxb3 Nd6 43.b6 Nb7 44.Kf2 Kg6 45.Ke2 Kf6 46.Kd3 Ke6 47.Kc4 
Nd6+ 48.Kc5 1-0

[Event "2nd GMA World Cup prel  #1"]
[Site "Belgrade YUG"]
[Date "1988.??.??"]
[Round "?"]
[White "Geller, Efim"]
[Black "Bebchuk, Evgeny"]
[Result "1/2-1/2"]
[WhiteElo "2465"]
[BlackElo "2350"]
[EventDate "1988.12.??"]
[PlyCount "81"]

1.Nf3 Nf6 2.c4 e6 3.Nc3 Bb4 4.g3 b6 5.Bg2 Bb7 6.O-O O-O 7.d3 d5 8.cxd5 
exd5 9.Nd4 Nc6 10.Nxc6 Bxc6 11.Bg5 Bxc3 12.bxc3 h6 13.Bxf6 Qxf6 14.Qb3 
Rad8 15.Rac1 Rfe8 16.e3 Re7 17.d4 Qd6 18.Rfe1 Bb7 19.c4 dxc4 20.Qxc4 Bxg2 
21.Kxg2 Qd5+ 22.Qxd5 Rxd5 23.Rc6 Ra5 24.Re2 Kf8 25.Rec2 Ke8 26.g4 Kd8 27.
h4 Kc8 28.Kg3 Kb7 29.R6c3 Rd5 30.h5 b5 31.Kf4 a5 32.Rc5 Rxc5 33.Rxc5 Kb6 
34.e4 Re6 35.Ke3 Rc6 36.Rxc6+ Kxc6 37.Kd3 Kd6 38.f4 f6 39.Kc3 c6 40.Kb3 
Ke6 41.Kc3 1/2-1/2

[Event "2nd GMA World Cup prel  #1"]
[Site "Belgrade YUG"]
[Date "1988.??.??"]
[Round "?"]
[White "Georgiev, Krum"]
[Black "Fedorov, Vladislav"]
[Result "1-0"]
[WhiteElo "2505"]
[BlackElo "2400"]
[EventDate "1988.12.??"]
[PlyCount "95"]

1.e4 e5 2.Nf3 Nc6 3.Bb5 Nf6 4.O-O Nxe4 5.d4 Be7 6.Qe2 Nd6 7.Bxc6 bxc6 8.
dxe5 Nb7 9.c4 O-O 10.Nc3 Nc5 11.Bf4 Ne6 12.Bg3 f5 13.exf6 Bxf6 14.Ne4 c5 
15.Rad1 d6 16.Rfe1 Bd7 17.Qd2 Kh8 18.Nxf6 Qxf6 19.Ne5 Bc8 20.Nc6 Bb7 21.
Na5 Bc8 22.Nc6 a5 23.Nxa5 Nd4 24.Nb3 Bg4 25.Nxd4 Bxd1 26.Ne6 Rfe8 27.Nxc7 
Rxe1+ 28.Qxe1 Rc8 29.Ne8 Qd4 30.Qe7 h6 31.Nxd6 Bh5 32.h3 Rg8 33.Be5 Qd3 
34.Bc3 Bg6 35.Qe5 Kh7 36.a3 Qb1+ 37.Kh2 Qd3 38.a4 Qc2 39.Qxc5 Rd8 40.Qc7 
Rg8 41.Qa7 Be4 42.Ne8 Kg6 43.Qb6+ Kh7 44.Qc7 Kg6 45.Qd6+ Kh7 46.Qe7 Kg6 
47.Qe6+ Kh7 48.Qf7 1-0

[Event "2nd GMA World Cup prel  #1"]
[Site "Belgrade YUG"]
[Date "1988.??.??"]
[Round "?"]
[White "Glek, Igor"]
[Black "Sekulic, Dusan"]
[Result "1-0"]
[WhiteElo "2500"]
[BlackElo "2305"]
[EventDate "1988.12.??"]
[PlyCount "71"]

1.d4 Nf6 2.c4 c5 3.d5 b5 4.Nf3 b4 5.Nbd2 g6 6.e4 d6 7.g3 Bg7 8.Bg2 O-O 9.
O-O Nfd7 10.Ne1 a5 11.Nd3 Ne5 12.Nxe5 Bxe5 13.f4 Bd4+ 14.Kh1 Nd7 15.Nf3 
Bg7 16.Qe2 Nb6 17.Be3 Ba6 18.Rac1 Ra7 19.b3 a4 20.Qf2 axb3 21.axb3 Qa8 22.
g4 Bc8 23.Qh4 Ra3 24.f5 f6 25.Bh6 Rxb3 26.Bxg7 Kxg7 27.g5 fxg5 28.Nxg5 h6 
29.fxg6 Rf6 30.Rxf6 exf6 31.Rf1 fxg5 32.Qf2 Bf5 33.Qxf5 Qe8 34.Qf6+ Kg8 
35.g7 Nd7 36.Qxh6 1-0

[Event "2nd GMA World Cup prel  #1"]
[Site "Belgrade YUG"]
[Date "1988.??.??"]
[Round "?"]
[White "Gligoric, Svetozar"]
[Black "Marinkovic, Ivan"]
[Result "1/2-1/2"]
[WhiteElo "2500"]
[BlackElo "2420"]
[EventDate "1988.12.??"]
[PlyCount "104"]

1.d4 Nf6 2.c4 c5 3.d5 b5 4.cxb5 a6 5.bxa6 g6 6.Nc3 Bxa6 7.g3 d6 8.Bg2 Bg7 
9.Nf3 Nbd7 10.O-O Nb6 11.Re1 O-O 12.Bf4 Nc4 13.Qc1 Qa5 14.Nd2 Rfb8 15.Nxc4
Bxc4 16.Bd2 Nd7 17.b3 Ba6 18.Ne4 Qd8 19.Bc3 Qf8 20.Nd2 Ra7 21.Qc2 f5 22.
Nf3 Bxc3 23.Qxc3 Qf6 24.Qd2 Rb4 25.Rac1 Ne5 26.Nxe5 Qxe5 27.e3 Rab7 28.Rc3
Rb8 29.Rec1 Kg7 30.Qd1 R4b6 31.g4 fxg4 32.Qxg4 Bc8 33.Qg3 Qf6 34.e4 Kg8 
35.e5 Qf8 36.Rf3 Qh6 37.Re1 Qd2 38.Rfe3 Bf5 39.Qg5 dxe5 40.Qxe7 Qxa2 41.d6
Qd2 42.Rxe5 Rxd6 43.Qc7 Rf8 44.Qxc5 Rdf6 45.b4 Bc8 46.Qd5+ Qxd5 47.Bxd5+ 
Kg7 48.f3 Rb6 49.R5e4 Rd8 50.Bb3 Bf5 51.Rc4 Rdb8 52.Rc7+ Kh6 1/2-1/2

[Event "2nd GMA World Cup prel  #1"]
[Site "Belgrade YUG"]
[Date "1988.??.??"]
[Round "?"]
[White "Gostisa, Leon"]
[Black "Barlov, Dragan"]
[Result "0-1"]
[WhiteElo "2415"]
[BlackElo "2485"]
[EventDate "1988.12.??"]
[PlyCount "94"]

1.d4 Nf6 2.c4 d6 3.Nc3 c6 4.g3 g6 5.Bg2 Bg7 6.Nf3 O-O 7.O-O Qa5 8.e4 Bg4 
9.h3 Bxf3 10.Bxf3 Nfd7 11.Be3 c5 12.d5 Qb4 13.Qd2 Ne5 14.Be2 Nxc4 15.Bxc4 
Qxc4 16.Bh6 Nd7 17.Rad1 Bxh6 18.Qxh6 b5 19.Qe3 b4 20.Na4 Qxa2 21.Ra1 Qc4 
22.b3 Qb5 23.Nb2 Nb6 24.h4 Qd7 25.Ra6 e6 26.dxe6 Qxe6 27.Rfa1 Rfe8 28.Qd3 
h5 29.Qf3 c4 30.e5 c3 31.Nd3 dxe5 32.Nxb4 Rac8 33.Rxa7 Qxb3 34.R1a3 e4 35.
Qf4 Qb1+ 36.Kg2 Rf8 37.Na2 c2 38.Qf6 Nd5 39.Qg5 Qd1 40.Nc1 Rc3 41.Rxc3 
Nxc3 42.Rc7 Nd5 43.Rc6 Kh7 44.Rc5 Qf3+ 45.Kg1 e3 46.Qxd5 Qxf2+ 47.Kh1 Qf1+
0-1

[Event "2nd GMA World Cup prel  #1"]
[Site "Belgrade YUG"]
[Date "1988.??.??"]
[Round "?"]
[White "Gostisa, Leon"]
[Black "Ivanka-Budinszky, Maria"]
[Result "1-0"]
[WhiteElo "2415"]
[BlackElo "2310"]
[EventDate "1988.12.??"]
[PlyCount "67"]

1.d4 Nf6 2.c4 c5 3.d5 e6 4.Nc3 exd5 5.cxd5 d6 6.Nf3 g6 7.Nd2 Na6 8.Nc4 Nc7
9.a4 b6 10.e4 Ba6 11.Be2 Bg7 12.Bf4 Bxc4 13.Bxc4 Nh5 14.Be3 Qh4 15.Qd2 O-O
16.Bg5 Bxc3 17.Bxh4 Bxd2+ 18.Kxd2 Rfe8 19.Rhe1 Kg7 20.e5 Rxe5 21.Rxe5 dxe5
22.Kc3 Nf6 23.Rd1 Rd8 24.Kb3 h6 25.Bg3 Nd7 26.f4 f6 27.d6 Ne8 28.Bb5 e4 
29.Kc4 Kf7 30.Bc6 f5 31.Bh4 Nef6 32.Bxd7 g5 33.fxg5 Nxd7 34.g6+ 1-0

[Event "2nd GMA World Cup prel  #1"]
[Site "Belgrade YUG"]
[Date "1988.??.??"]
[Round "?"]
[White "Grimberg, Gilbert"]
[Black "Flear, Glenn Curtis"]
[Result "0-1"]
[WhiteElo "2320"]
[BlackElo "2470"]
[EventDate "1988.12.??"]
[PlyCount "100"]

1.e4 e5 2.Nf3 Nc6 3.Nc3 Nf6 4.d4 exd4 5.Nd5 Nb4 6.Bc4 Nbxd5 7.exd5 Bb4+ 8.
Bd2 Qe7+ 9.Qe2 Bxd2+ 10.Kxd2 Qxe2+ 11.Kxe2 d6 12.Nxd4 Bd7 13.Rhe1 O-O-O 
14.f3 Rhe8+ 15.Kf2 Re5 16.Rad1 Rde8 17.Rxe5 dxe5 18.Ne2 e4 19.d6 exf3 20.
gxf3 Be6 21.Bxe6+ Rxe6 22.dxc7 Kxc7 23.Nd4 Re5 24.Re1 Rd5 25.c3 Kd7 26.Re2
Rh5 27.Kg2 Nd5 28.Re4 a6 29.Ne2 Rh6 30.Nf4 Nxf4+ 31.Rxf4 Ke7 32.Rb4 b6 33.
Kg3 Rd6 34.Ra4 a5 35.Re4+ Re6 36.Kf4 Rxe4+ 37.Kxe4 Kd6 38.a4 Ke6 39.b4 g5 
40.Kd4 f5 41.bxa5 bxa5 42.c4 h5 43.c5 g4 44.fxg4 hxg4 45.c6 f4 46.Kc5 g3 
47.hxg3 fxg3 48.Kb6 g2 49.c7 g1=Q+ 50.Kb7 Qb1+ 0-1

[Event "2nd GMA World Cup prel  #1"]
[Site "Belgrade YUG"]
[Date "1988.??.??"]
[Round "?"]
[White "Grimberg, Gilbert"]
[Black "Zelic, Zdravko"]
[Result "1/2-1/2"]
[WhiteElo "2320"]
[BlackElo "2410"]
[EventDate "1988.12.??"]
[PlyCount "98"]

1.e4 c5 2.Nf3 e6 3.Nc3 Nc6 4.g3 d6 5.Bg2 Nf6 6.O-O Be7 7.d4 cxd4 8.Nxd4 
Bd7 9.b3 a6 10.Bb2 O-O 11.h3 Qc7 12.Re1 b5 13.Rc1 Rac8 14.Nce2 Qb6 15.Qd2 
Rfd8 16.c4 Be8 17.cxb5 axb5 18.Nxc6 Bxc6 19.Nd4 Ba8 20.Qb4 Rb8 21.Qc3 Bf8 
22.Qc7 Qa6 23.Qc2 Rbc8 24.Qb1 b4 25.Nc2 Qb5 26.Bxf6 gxf6 27.Ne3 Rc3 28.Nd1
Rc5 29.Rxc5 Qxc5 30.Ne3 Rc8 31.Qd1 Qa5 32.Re2 Rc3 33.Rd2 Qe5 34.Qg4+ Qg5 
35.Nc4 Rc1+ 36.Kh2 Qxg4 37.hxg4 Re1 38.Nxd6 Bxd6 39.Rxd6 Bxe4 40.Rd4 Bxg2 
41.Kxg2 Re2 42.Rxb4 Rxa2 43.Rb8+ Kg7 44.b4 Rb2 45.b5 f5 46.gxf5 exf5 47.b6
h5 48.b7 f4 49.gxf4 Kf6 1/2-1/2

[Event "2nd GMA World Cup prel  #1"]
[Site "Belgrade YUG"]
[Date "1988.??.??"]
[Round "?"]
[White "Grimberg, Gilbert"]
[Black "Zlotnik, Boris"]
[Result "0-1"]
[WhiteElo "2320"]
[BlackElo "2440"]
[EventDate "1988.12.??"]
[PlyCount "72"]

1.g3 d5 2.Bg2 e5 3.c4 d4 4.d3 Nf6 5.Nf3 Nc6 6.O-O Nd7 7.Na3 Be7 8.Nc2 O-O 
9.a3 a5 10.Rb1 a4 11.Bd2 Na5 12.Nb4 Nb3 13.e3 c6 14.Re1 Nxd2 15.Qxd2 Bf6 
16.exd4 exd4 17.Qf4 Nc5 18.h4 h6 19.Re2 g5 20.hxg5 hxg5 21.Qd2 Bg4 22.Rbe1
Kg7 23.Nc2 Qa5 24.Qd1 Rad8 25.Kf1 Qc7 26.Qd2 Nb3 27.Qb4 Bf5 28.Rd1 Ra8 29.
c5 Rfd8 30.Ng1 Ra5 31.Be4 Be6 32.Nf3 Rb5 33.Qe1 Nxc5 34.Nb4 Bg4 35.Nh2 
Bxe2+ 36.Qxe2 Re8 0-1

[Event "2nd GMA World Cup prel  #1"]
[Site "Belgrade YUG"]
[Date "1988.??.??"]
[Round "?"]
[White "Groszpeter, Attila"]
[Black "Abramovic, Bosko"]
[Result "1-0"]
[WhiteElo "2510"]
[BlackElo "2445"]
[EventDate "1988.12.??"]
[PlyCount "83"]

1.d4 d5 2.c4 e6 3.Nc3 Be7 4.Nf3 Nf6 5.Bg5 h6 6.Bxf6 Bxf6 7.e3 O-O 8.Qd2 c6
9.O-O-O g6 10.Ne5 c5 11.f4 cxd4 12.exd4 Nc6 13.Kb1 Bg7 14.h4 dxc4 15.Bxc4 
Qc7 16.Bb3 Rd8 17.Qe3 Qb6 18.Na4 Qb4 19.a3 Qe7 20.h5 g5 21.g3 Bd7 22.Nc5 
Be8 23.Ne4 g4 24.Nf2 b5 25.Nfxg4 Na5 26.Ba2 b4 27.axb4 Qxb4 28.f5 Rab8 29.
Rd2 Nb3 30.Bxb3 Qxb3 31.Qxb3 Rxb3 32.f6 Bf8 33.Rc1 Rxg3 34.Rdc2 Rb3 35.Rg2
Rb7 36.Nxh6+ Kh7 37.Nhg4 Ba4 38.Nf3 Bh6 39.Nxh6 Kxh6 40.Ne5 Rxd4 41.Rg7 
Rd2 42.Ng4+ 1-0

[Event "2nd GMA World Cup prel  #1"]
[Site "Belgrade YUG"]
[Date "1988.??.??"]
[Round "?"]
[White "Groszpeter, Attila"]
[Black "Mencinger, Vojko"]
[Result "1-0"]
[WhiteElo "2510"]
[BlackElo "2385"]
[EventDate "1988.12.??"]
[PlyCount "63"]

1.d4 Nf6 2.c4 c5 3.d5 b5 4.Bg5 Ne4 5.Bf4 bxc4 6.Qc2 Qa5+ 7.Nd2 Nxd2 8.Bxd2
Qb6 9.e4 Ba6 10.Nf3 e6 11.Bxc4 Bxc4 12.Qxc4 Qa6 13.b3 Qxc4 14.bxc4 d6 15.
Ke2 Be7 16.Rab1 Nd7 17.Rb7 Nb6 18.Kd3 f5 19.Re1 fxe4+ 20.Rxe4 e5 21.Nxe5 
dxe5 22.Rxe5 Nd7 23.Re6 O-O-O 24.Rb5 Rde8 25.Rc6+ Kd8 26.Ba5+ Nb6 27.Bxb6+
axb6 28.Rbxb6 Rhf8 29.Rb8+ Kd7 30.Rb7+ Kd8 31.d6 Rxf2 32.d7 1-0